00308 a2200109 4500001001000000005001700010008004100027245002700068100001900095773006700114999001700181ART_2905520260410161909.0260409a 10aWages and unemployment1 aNickell, S. J.0 tThe Economic Journalg- Vol. 92, NÂș 365 (mar. 1982)wREV12512 c26654d26654